000 00672nam a2200181 a 4500
001 000026839
005 20200930030436.0
008 110325s1956 dr 000 0 spa d
040 _aDO-SdBNP
_bspa
_cBNPHU
082 _a335.43097293
_bL697b
245 0 0 _aLibro blanco del comunismo en la República Dominicana.
260 _aCiudad Trujillo, República Dominicana :
_bSecretaria de Estado de lo Interior,
_bEditora del Caribe,
_c1956.
300 _a254 p. ;
_c24 cm.
590 _aPerteneció a la biblioteca personal de Juan Isidro Jimenes Grullón.
650 4 _aComunismo
_zRepública Dominicana
_944646
910 _aValidado. Control de calidad MFF
049 _aBNPD
999 _c26331
_d26331